Most popular sports in USA - Statistics

General Stats
  • This quiz has been taken 113 times
  • The average score is 7 of 10
Answer Stats
Hint Answer % Correct
5. Soccer
100%
2. Baseball
99%
3. Basketball
96%
4. Ice Hockey
88%
6. Tennis
79%
1. American Football
78%
7. Golf
65%
8. Wrestling
40%
10. Badminton
21%
9. Motor Racing
2%
No matching quizzes found
Score Distribution
Percent of People with Each Score
Percentile by Number Answered
Your Score History
You have not taken this quiz